000 00978cam a22002653a 4500
001 7986
003 PGUSA
005 20140828083151.0
008 050401s2005||||xxu|||||s|||||000 | eng d
040 _aPGUSA
_beng
042 _adc
050 4 _aPG
100 1 _aChekhov, Anton Pavlovich,
_d1860-1904
245 1 0 _aPlays by Anton Chekhov, Second Series
_h[electronic resource] /
_cAnton Pavlovich Chekhov
260 _bProject Gutenberg,
_c2005
505 0 _aOn the high road -- The proposal -- The wedding -- The bear -- A tragedian in spite of himself -- The anniversary -- The three sisters -- The cherry orchard.
506 _aPublic domain in the USA.
516 _aElectronic text
653 _aRussian drama -- Translations into English
653 _aChekhov, Anton Pavlovich, 1860-1904 -- Translations into English
700 1 _aWest, Julius,
_d1891-1918
830 0 _aProject Gutenberg
_v7986
856 4 0 _uhttp://www.gutenberg.org/ebooks/7986
942 _cEB
999 _c237286
_d237286